000 00556nam a2200181Ia 4500
008 151202s9999||||xx |||||||||||||| ||und||
082 _bPNVM-72782
100 _aसामंत अनंत.
245 _aके फाईव्ह.
260 _b"मॅजेस्टिक प्रकाशन,गिरगाव."
260 _c7278
300 _a104
600 _aसामंत अनंत.
630 _aके फाईव्ह.
700 _aसामंत अनंत.
730 _aके फाईव्ह.
942 _cBOOK
999 _c1339447
_d1339444